000 00425nam a2200169Ia 4500
008 230524s9999 xx 000 0 und d
020 _a9788120319547
082 _a629.8312
_bBAN
100 _aM.N. Bandyopadhyay
245 0 _aControl Engineering : Theory and Practice
250 _a2
260 _aNew Delhi
_bPHI
_c2014
300 _a"1,599p;"
500 _aQuantity Number: 10
650 _aElectrical
942 _cBK
999 _c54550
_d54550